Geomatica (Record no. 118654)

MARC details
000 -LEADER
fixed length control field 00585cas a22002175a 4500
001 - CONTROL NUMBER
control field L57
008 - FIXED-LENGTH DATA ELEMENTS--GENERAL INFORMATION
fixed length control field 070626c1993 xxcqr p 0 a0eng
022 1# - INTERNATIONAL STANDARD SERIAL NUMBER
International Standard Serial Number 1195-1306
035 ## - SYSTEM CONTROL NUMBER
System control number (Sirsi) u99103
041 1# - LANGUAGE CODE
Language code of text/sound track or separate title eng
-- fre
110 2# - MAIN ENTRY--CORPORATE NAME
Corporate name or jurisdiction name as entry element Canadian Institute of Geomatics
9 (RLIN) 5239
245 00 - TITLE STATEMENT
Title Geomatica
260 ## - PUBLICATION, DISTRIBUTION, ETC.
Place of publication, distribution, etc. Ottawa
Name of publisher, distributor, etc. Canadian Institute of Geomatics
Date of publication, distribution, etc. 1993-
362 0# - DATES OF PUBLICATION AND/OR SEQUENTIAL DESIGNATION
Dates of publication and/or sequential designation 47(1) Spring 1993-
554 ## -
-- Four per year
651 #4 - SUBJECT ADDED ENTRY--GEOGRAPHIC NAME
Geographic name Canada
690 ## - LOCAL SUBJECT ADDED ENTRY--TOPICAL TERM (OCLC, RLIN)
Topical term or geographic name as entry element ENVIRONMENTAL AND LAND CONSULTANCY-GEOMATICS
780 00 - PRECEDING ENTRY
Title CISM Journal
International Standard Serial Number 0841-8234
942 ## - ADDED ENTRY ELEMENTS (KOHA)
Suppress in OPAC 0
948 ## - LOCAL PROCESSING INFORMATION (OCLC); SERIES PART DESIGNATOR (RLIN)
c (OCLC) 16/02/1994
Holdings
Withdrawn status Lost status Source of classification or shelving scheme Damaged status Not for loan Home library Current library Shelving location Date acquired Total Checkouts Full call number Barcode Date last seen Price effective from Koha item type
    Dewey Decimal Classification     London London Gallery 20/10/2004   GEOMATICA 99103-1001 06/08/2019 06/08/2019 Journal